Thế giới ca ngợi và thương tiếc Hồ Chủ tịch

Điện, thư chia buồn của chính phủ, nhân dân các nước XHCN, Châu A, Âu, Mỹ La Tinh, các Đảng cộng sản, công nhân, tổ chức đoàn thể dân chủ quốc tế nhân ngày mất của Hồ chủ tịch (3/9/1969)

Guardado en:
Detalles Bibliográficos
Otros Autores: Léptrencô, Irina (Tác giả), Xănbu, J (Tác giả), Xêđenban, I.U. (Tác giả), Vêxêxh, X (Tác giả)
Formato: Libro
Lenguaje:Vietnamese
Publicado: H. Sự Thật 1976
Edición:In lấn 2 có bổ sung sửa chữa
Materias:
Etiquetas: Agregar Etiqueta
Sin Etiquetas, Sea el primero en etiquetar este registro!
Thư viện lưu trữ: Mạng thư viện Đại học Đà Nẵng
LEADER 01575nam a22003978a 4500
001 000007552
003 3715
005 20120525140505.0
008 111006s1976 b 000 0 vieod
020 |c 15000đ  |d 10.000b 
041 0 |a vie 
082 |a 335.5271  |b Thê 
084 |a A 
245 1 0 |a Thế giới ca ngợi và thương tiếc Hồ Chủ tịch  |c M.X. Xôlômenxép, Irina Léptrencô, X. Vêxêxh, I.U. Xêđenban 
250 |a In lấn 2 có bổ sung sửa chữa 
260 |a H.  |b Sự Thật  |c 1976 
300 |a 690tr  |c 19cm 
520 |a Điện, thư chia buồn của chính phủ, nhân dân các nước XHCN, Châu A, Âu, Mỹ La Tinh, các Đảng cộng sản, công nhân, tổ chức đoàn thể dân chủ quốc tế nhân ngày mất của Hồ chủ tịch (3/9/1969) 
653 |a Hồ Chí Minh 
653 |a điện chia buồn 
653 |a lễ tang 
700 1 |a Léptrencô, Irina  |e Tác giả 
700 1 |a Xănbu, J  |e Tác giả 
700 1 |a Xêđenban, I.U.  |e Tác giả 
700 1 |a Vêxêxh, X  |e Tác giả 
910 |a Nguyễn Thị Kim Oanh  |d 06/10/2011 
OWN |a LSP 
AVA |a UDN50  |b LSP  |d 335.5271 Thê  |e available  |t Error 5001 Not defined in file expand_doc_bib_avail.  |f 4  |g 1  |h N  |i 0  |k 1 
999 |a From the UDN01 
AVA |a UDN50  |b LSP  |d 335.5271 Thê  |e available  |t Error 5001 Not defined in file expand_doc_bib_avail.  |f 4  |g 1  |h N  |i 0  |k 1 
TYP |a Monograph 
TYP |a Printed language 
980 |a Mạng thư viện Đại học Đà Nẵng